Algebraic linguistics : analytical models /

Guardado en:
Autor Principal: Marcus, Solomon.
Formato: Libro
Idioma:English
Publicado: New York : Academic Press, 1967.
Series:Mathematics in science and engineering ; v. 29
Etiquetas: Agregar Etiqueta
Sin Etiquetas, Sea el primero en etiquetar este registro!
LEADER 00823nam a22001935 4500
001 MAT.inmabb001936
008 731003s1967####nyu######b####001#0#eng#d
005 20151116190549.0
245 1 0 |a Algebraic linguistics :  |b analytical models /  |c Solomon Marcus. 
260 |a New York :  |b Academic Press,  |c 1967. 
300 |a xi, 254 p. ;  |c 24 cm. 
440 0 |a Mathematics in science and engineering ;  |v v. 29 
504 |a Bibliografía al final de cada capítulo. 
505 8 |a Listado de capítulos: I. Languages and partitions -- II. Linguistic typology -- III. Parts of speech and syntactic types -- IV. Grammatical gender -- V. Configurations -- VI. Subordination and projectivity. 
510 4 |a MR,  |c 37 #1203 
100 1 |a Marcus, Solomon. 
084 |a 91F20  |2 msc2000 
010 |a  65028625  
859 |h 91  |i M322a  |p A-2779  |b BIB. MATEMATICA